| 000 | 00000nas##2200000za#4500 |
| 001 | 9.512418 |
| 003 | CaOODSP |
| 005 | 20200325120305 |
| 007 | ta |
| 008 | 150406c2002||||xxc|| p #||||f| |0eng|d |
| 040 | |aCaOODSP|beng |
| 041 | |aeng |
| 041 | |afre |
| 043 | |an-cn--- |
| 086 | 1 |aIu61-2 |
| 110 | 1 |aCanada. |bIndustry Canada. |
| 245 | 10|aPrime Minister's Awards for Excellence in Early Childhood Education. Guidelines and nomination form |
| 260 | |aOttawa - Ontario : |bIndustry Canada |
| 310 | |aAnnual |
| 520 | 3 |aHonours outstanding educators who, through their dedication and skill, are giving children an important head start that helps them succeed at school. |
| 776 | 0#|tPrix du Premier ministre pour l'excellence en éducation de la petite enfance. |w(CaOODSP)9.502517 |
| 776 | 0#|tPrime Minister's Awards for Excellence in Early Childhood Education. |w(CaOODSP)9.506115 |
| 792 | |tPrix du Premier ministre pour excellence en éducation de la petite enfance. Lignes directrices et formulaire de mise en candidature |efre|w(CaOODSP)9.512419 |